Discovering elementary science: method, content, and problem- solving activities (Record no. 29159)

MARC details
000 -LEADER
fixed length control field 00515nam a2200181Ia 4500
020 ## - INTERNATIONAL STANDARD BOOK NUMBER
ISBN 0- 205- 27693- 8
050 ## - CALL MARK
Classification number LB1585.3.T65
100 ## - STATEMENT OF RESPONSIBILITY--MAIN AUTHOR NAME
Personal name Marvin N. Tolman
245 #0 - TITLE STATEMENT
Title Discovering elementary science: method, content, and problem- solving activities
250 ## - EDITION / VOLUME STATEMENT
Edition / Volume statement 2nd
260 ## - PUBLICATION, DISTRIBUTION, ETC. (IMPRINT)
Name of publisher Allyn and Bacon
260 ## - PUBLICATION, DISTRIBUTION, ETC. (IMPRINT)
Year of publication 1999
300 ## - PHYSICAL DESCRIPTION
Number of Pages 548 p
650 ## - SUBJECT ADDED ENTRY--TOPICAL TERM
Topical Term Science- study and teaching (elementary)- United states
942 ## - ADDED ENTRY ELEMENTS (KOHA)
Koha item type Books
Holdings
Withdrawn status Lost status Source of classification or shelving scheme Damaged status Not for loan Permanent Location Current Location Date acquired Accession Number Price effective from Koha item type
    Library of Congress Classification     NILE UNIVERSITY OF NIGERIA - MAIN LIBRARY NILE UNIVERSITY OF NIGERIA - MAIN LIBRARY 04/23/2025 0005046 04/23/2025 Books